000 00524nam a2200169Ia 4500
008 110201s9999 xx 000 0 und d
082 _bB11038
_aK 2821
100 _aसावंत वि.कृ.
245 _aदुर्वांकूर
260 _bमधुश्री प्रकाशन
365 _b235
600 _aसावंत वि.कृ.
630 _aदुर्वांकूर
700 _aसावंत वि.कृ.
730 _aदुर्वांकूर
942 _cBOOK
999 _c836435
_d836432